| 000 | 01554nam a2200373 a 4500 | ||
|---|---|---|---|
| 001 | ebr10442071 | ||
| 003 | CaPaEBR | ||
| 006 | m u | ||
| 007 | cr cn||||||||| | ||
| 008 | 080407s2009 nju sb 001 0 eng d | ||
| 010 | _z 2008015470 | ||
| 020 | _z9780691137360 (cloth : alk. paper) | ||
| 020 | _z9780691137377 (pbk. : alk. paper) | ||
| 020 | _z9781400837533 (e-book) | ||
| 040 |
_aCaPaEBR _cCaPaEBR |
||
| 035 | _a(OCoLC)708253641 | ||
| 050 | 1 | 4 |
_aPR9369.3.C58 _bZ86 2009eb |
| 082 | 0 | 4 |
_a823/.914 _222 |
| 100 | 1 |
_aMulhall, Stephen, _d1962- |
|
| 245 | 1 | 4 |
_aThe wounded animal _h[electronic resource] : _bJ. M. Coetzee and the difficulty of reality in literature and philosophy / _cStephen Mulhall. |
| 260 |
_aPrinceton : _bPrinceton University Press, _cc2009. |
||
| 300 | _ax, 259 p. | ||
| 504 | _aIncludes bibliographical references (p. [253]-255) and index. | ||
| 505 | 0 | _aThe lives of animals -- Elizabeth Costello. | |
| 533 |
_aElectronic reproduction. _bPalo Alto, Calif. : _cebrary, _d2013. _nAvailable via World Wide Web. _nAccess may be limited to ebrary affiliated libraries. |
||
| 600 | 1 | 0 |
_aCoetzee, J. M., _d1940- _xCriticism and interpretation. |
| 600 | 1 | 0 |
_aCoetzee, J. M., _d1940- _xPhilosophy. |
| 650 | 0 | _aPhilosophy in literature. | |
| 650 | 0 | _aAnimals (Philosophy) | |
| 650 | 0 |
_aLiterature _xPhilosophy. |
|
| 655 | 7 |
_aElectronic books. _2local |
|
| 710 | 2 | _aebrary, Inc. | |
| 856 | 4 | 0 |
_uhttp://site.ebrary.com/lib/rucke/Doc?id=10442071 _zAn electronic book accessible through the World Wide Web; click to view |
| 999 |
_c246223 _d246223 |
||